Widok standardowy
Widok MARC
Pozycja Personal Name
Liczba rekordów, w których użyto hasła: 1
001 - Numer kontrolny
- control field: 38873
003 - Identyfikator numeru kontrolnego
- control field: NUKAT
005 - Data i czas ostatniej modyfikacji
- control field: 20260324102553.0
008 - Dane kontrolne kodowane (40 znaków)
- fixed length control field: 110519n||a|znnaabn |a aaa |c
010 ## - Numer kontrolny Biblioteki Kongresu
- numer kontrolny LC: n 2011107395
024 7# - OTHER STANDARD IDENTIFIER
- Standard number or code: 186781128
- Source of number or code: viaf
024 7# - OTHER STANDARD IDENTIFIER
- Standard number or code: 0000000356562582
- Source of number or code: isni
040 ## - Instytucja sporządzająca rekord
- inst. przygot. dane do rek. khw: WA U/mg
- język haseł przedmiotowych/tezaurus: kaba
- inst. wprow. rek. khw: WA U/mg
100 1# - Hasło - nazwa osobowa
- nazwa osobowa w formie ujednoliconej: Swacha, Piotr.
670 ## - Źródło informacji
- źródło informacji: Kp. Polityka informacyjna Polskego Stronnictwa Ludowego (1945-1947 / Piotr Swacha. - Warszawa, 2010.
670 ## - Źródło informacji
- źródło informacji: Akademia Humanistyczna im. Aleksandra Gieysztora, 20.05.11
- adres internetowy: http://www.wsh.edu.pl/palio/html.run?_Instance=wsh-postgres&_PageID=1&_LangID=1&_CatID=317&_CheckSum=-2032868505